Formy generovania príjmov vo vybranom startupe bakalárska práca

Gespeichert in:
Bibliographische Detailangaben
1. Verfasser: Csölle, Denis
Körperschaft: Fakulta podnikového manažmentu EU. Katedra manažmentu
Weitere Verfasser: Bednár, Richard, 1985-
Format: Buch
Sprache:Slowakisch
Veröffentlicht: Bratislava 2023
Tags: Tag hinzufügen
Keine Tags, Fügen Sie das erste Tag hinzu!

MARC

LEADER 00000nbm a2200000 4500
001 0293633
005 20240220100411.1
041 0 |a slo 
044 |a SK 
245 1 0 |a Formy generovania príjmov vo vybranom startupe  |b bakalárska práca  |c Denis Csölle ; školiteľ: Richard Bednár 
264 1 |a Bratislava  |c 2023 
300 |a 59 s. 
100 1 |a Csölle, Denis 
700 1 |a Bednár, Richard, 1985- 
710 2 |a Fakulta podnikového manažmentu EU. Katedra manažmentu